[Event "Pan American-ch Amateur U2000"]
[Site "San Jose"]
[Date "2019.10.23"]
[Round "1.9"]
[White "Vargas, Rogelio A"]
[Black "Cordoba Rodriguez, Milton Dennis"]
[Result "0-1"]
[WhiteElo "1719"]
[BlackElo "1906"]
[PlyCount "78"]
[EventDate "2019.10.23"]
[EventType "swiss"]
[EventRounds "9"]
[EventCountry "CRI"]
[SourceTitle "EXT 2024"]
[Source "ChessBase"]
[SourceDate "2023.10.10"]
[SourceVersion "1"]
[SourceVersionDate "2023.10.10"]
[SourceQuality "1"]

1. e4 e6 2. d4 d5 3. e5 c5 4. c3 Nc6 5. Nf3 Qb6 6. Be2 Bd7 7. 0-0 Rc8 8. a4 g6 9. Na3 a6 10. Nc2 Bg7 11. Kh1 Nge7 12. Nh4 0-0 13. f4 cxd4 14. cxd4 Na5 15. Ra3 Nb3 16. Be3 Na5 17. Bc1 Nb3 18. Be3 Na5 19. Bc1 Nc4 20. Bxc4 Rxc4 21. Ne3 Rxd4 22. Qf3 h5 23. g4 Rxa4 24. f5 d4 25. Neg2 hxg4 26. Qxg4 Nxf5 27. Rh3 Ra1 28. Nxf5 exf5 29. Qh4 Rc8 30. Qf4 Qc5 31. Bd2 Rxf1+ 32. Qxf1 Qxe5 33. Nf4 Rc2 34. Qf2 Bc6+ 35. Kg1 Qe4 36. Ng2 Rxb2 37. Rg3 Rb1+ 38. Be1 Bf8 39. h4 Bb4 0-1

[Event "San Jose subzonal 2.3c"]
[Site "San Jose"]
[Date "2018.03.25"]
[Round "2"]
[White "Godoy Cano, Miguel Angel"]
[Black "Vargas, Rogelio A"]
[Result "1/2-1/2"]
[WhiteElo "1887"]
[BlackElo "1701"]
[PlyCount "82"]
[EventDate "2018.03.25"]
[EventType "swiss"]
[EventRounds "9"]
[EventCountry "CRI"]
[SourceTitle "EXT 2019"]
[Source "ChessBase"]
[SourceDate "2018.10.10"]
[SourceVersion "1"]
[SourceVersionDate "2018.10.10"]
[SourceQuality "1"]

1. e4 c6 2. d3 d5 3. Nd2 e5 4. Ngf3 Bg4 5. Be2 Nd7 6. 0-0 Ngf6 7. Re1 Bd6 8. exd5 cxd5 9. Nxe5 Bxe2 10. Nxd7 Qxd7 11. Qxe2+ Kf8 12. Nf3 Qc7 13. Bg5 Ng4 14. h3 h5 15. hxg4 hxg4 16. Ne5 g3 17. d4 Bxe5 18. Qxe5 gxf2+ 19. Kxf2 Qxc2+ 20. Re2 Qc6 21. Bf4 Kg8 22. Rae1 Rh4 23. Kg3 Rh8 24. Qf5 g6 25. Qg4 Rh5 26. Re6 Qc2 27. Re8+ Rxe8 28. Rxe8+ Kh7 29. Be5 Qd3+ 30. Qf3 Rg5+ 31. Kh2 Rh5+ 32. Kg1 Qb1+ 33. Kf2 Qc2+ 34. Ke3 Qc1+ 35. Kd3 Qb1+ 36. Kc3 Qc1+ 37. Kb3 Qc4+ 38. Ka3 Qa6+ 39. Kb4 Qb6+ 40. Kc3 Qc6+ 41. Kd2 Qxe8 1/2-1/2

[Event "San Jose subzonal 2.3c"]
[Site "San Jose"]
[Date "2018.03.25"]
[Round "1"]
[White "Vargas, Rogelio A"]
[Black "Bermudez Vives, Sergio"]
[Result "0-1"]
[WhiteElo "1701"]
[BlackElo "2135"]
[PlyCount "124"]
[EventDate "2018.03.25"]
[EventType "swiss"]
[EventRounds "9"]
[EventCountry "CRI"]
[SourceTitle "EXT 2019"]
[Source "ChessBase"]
[SourceDate "2018.10.10"]
[SourceVersion "1"]
[SourceVersionDate "2018.10.10"]
[SourceQuality "1"]

1. d4 f5 2. c4 Nf6 3. Nc3 e6 4. Nf3 b6 5. e3 Bb7 6. Be2 Bb4 7. a3 Bxc3+ 8. bxc3 0-0 9. 0-0 Nc6 10. Bb2 Qe7 11. Qc2 Na5 12. a4 Ne4 13. Rfd1 c5 14. d5 e5 15. Bd3 Nd6 16. e4 Rae8 17. Bc1 f4 18. Qe2 Ba6 19. g3 Bxc4 20. Bxc4 Naxc4 21. Nh4 g5 22. Nf5 Nxf5 23. Qxc4 Nd6 24. Qe2 Qf6 25. Ra2 Qg6 26. Re1 Rf6 27. Qf3 fxg3 28. Qxg3 Nxe4 29. Qh3 d6 30. Rae2 g4 31. Qe3 Rf4 32. Qd3 Ng5 33. Qxg6+ hxg6 34. Bxf4 Nh3+ 35. Kf1 Nxf4 36. Rd2 Kg7 37. Re4 Kf6 38. c4 Kf5 39. Re3 Rh8 40. f3 gxf3 41. Rxf3 Rh4 42. Re2 g5 43. Ref2 e4 44. Rg3 Rh5 45. Ke1 Ke5 46. Kd2 Kd4 47. Rc3 Nd3 48. Rg2 Ne5 49. Kc2 Nxc4 50. Re2 Kxd5 51. Kb3 Ne5 52. Rcc2 Rh3+ 53. Ka2 Nd3 54. Rcd2 Kd4 55. Rg2 Rh5 56. Rg4 d5 57. Rdg2 Kc3 58. Rxg5 Rxg5 59. Rxg5 e3 60. Rg2 Nf4 61. Rg3 Kd2 62. Rg1 e2 0-1